Logo

Description automatically generated
विद्यार्जन
 संसाधन केंद्र, भारतीय प्रौद्योगिकी संस्थान इन्दौर
Learning Resource Center, Indian Institute of Technology Indore

ऑनलाइन सार्वजनिक अभिगम प्रसूची
Online Public Access Catalogue (OPAC)

Relativity, Philosophy, and Mind: the Notebooks of Paul Brunton [v.13] (Record no. 57352)

MARC details
000 -LEADER
fixed length control field 00668nam a2200241Ia 4500
005 - DATE AND TIME OF LATEST TRANSACTION
control field 20260704175957.0
008 - FIXED-LENGTH DATA ELEMENTS--GENERAL INFORMATION
fixed length control field 260704s9999||||xx |||||||||||||| ||und||
020 ## - INTERNATIONAL STANDARD BOOK NUMBER
International Standard Book Number 9788178224251
Qualifying information pbk
082 ## - DEWEY DECIMAL CLASSIFICATION NUMBER
Classification number 128
Item number BRU
100 ## - MAIN ENTRY--PERSONAL NAME
Personal name Brunton, Paul
245 #0 - TITLE STATEMENT
Title Relativity, Philosophy, and Mind: the Notebooks of Paul Brunton [v.13]
260 ## - PUBLICATION, DISTRIBUTION, ETC.
Place of publication, distribution, etc. New Delhi
Name of publisher, distributor, etc. New Age Books
Date of publication, distribution, etc. 2018
300 ## - PHYSICAL DESCRIPTION
Extent xiii, 139p. ; 21cm.
490 ## - SERIES STATEMENT
Series statement The notebooks of Paul Brunton
Volume/sequential designation v.13
653 ## - INDEX TERM--UNCONTROLLED
Uncontrolled term Consciousness
653 ## - INDEX TERM--UNCONTROLLED
Uncontrolled term Meditations
653 ## - INDEX TERM--UNCONTROLLED
Uncontrolled term Metaphysics
653 ## - INDEX TERM--UNCONTROLLED
Uncontrolled term Mind and body
653 ## - INDEX TERM--UNCONTROLLED
Uncontrolled term Mind and body
653 ## - INDEX TERM--UNCONTROLLED
Uncontrolled term Mysticism
653 ## - INDEX TERM--UNCONTROLLED
Uncontrolled term Philosophy
942 ## - ADDED ENTRY ELEMENTS (KOHA)
Koha item type Book
Holdings
Withdrawn status Lost status Damaged status Not for loan Home library Current library Shelving location Date acquired Source of acquisition Total Checkouts Full call number Barcode Date last seen Price effective from Koha item type
        LRC, IIT Indore LRC, IIT Indore 3rd Floor - General Stack 04/07/2026 Gratis Book Price: INR 595.00   128 BRU G2577 04/07/2026 04/07/2026 Book
Copyright © 2017-2026 Indian Institute of Technology Indore. All Rights Reserved.
Managed & maintained by Learning Resource Center, IIT Indore